The chair as an example : (Record no. 12273)

MARC details
000 -CABECERA
campo de control de longitud fija 01076nam a22002657a 4500
003 - IDENTIFICADOR DEL NÚMERO DE CONTROL
campo de control OSt
005 - FECHA Y HORA DE LA ÚLTIMA TRANSACCIÓN
campo de control 20260530113915.0
008 - DATOS DE LONGITUD FIJA--INFORMACIÓN GENERAL
campo de control de longitud fija 260508b2004 hk a|||| |||| 00| 0 eng d
020 ## - NÚMERO INTERNACIONAL ESTÁNDAR DEL LIBRO
Número Internacional Estándar del Libro 9515581184
040 ## - FUENTE DE LA CATALOGACIÓN
Centro catalogador/agencia de origen ICI
Lengua de catalogación spa
Centro/agencia transcriptor ICI
050 00 - SIGNATURA TOPOGRÁFICA DE LA BIBLIOTECA DEL CONGRESO
Número de clasificación NK2715
Número de documento/Ítem F362004 2004
100 1# - ENTRADA PRINCIPAL--NOMBRE DE PERSONA
Nombre de persona Fang, Hai,
Fechas asociadas al nombre 1963-
Término indicativo de función/relación autor
9 (RLIN) 34019
245 14 - MENCIÓN DE TÍTULO
Título The chair as an example :
Resto del título Chinesism in modern furniture design /
Mención de responsabilidad, etc. Fang Hai.
264 #1 - PRODUCCIÓN, PUBLICACIÓN, DISTRIBUCIÓN, FABRICACIÓN Y COPYRIGHT
Producción, publicación, distribución, fabricación y copyright Helsinki :
Nombre del de productor, editor, distribuidor, fabricante University of Art and Design Helsinki,
Fecha de producción, publicación, distribución, fabricación o copyright 2004.
300 ## - DESCRIPCIÓN FÍSICA
Extensión 191 páginas :
Otras características físicas ilustraciones ;
336 ## - TIPO DE CONTENIDO
Fuente rdacontent
Término de tipo de contenido texto
337 ## - TIPO DE MEDIO
Fuente rdamedia
Nombre/término del tipo de medio sin medio
338 ## - TIPO DE SOPORTE
Fuente rdacarrier
Nombre/término del tipo de soporte volumen
490 1# - MENCIÓN DE SERIE
Mención de serie Publication series of the University of Art and Design Helsinki UIAH. Series A,
Designación de volumen o secuencia 49
502 ## - NOTA DE TESIS
Nota de tesis Tesis (doctoral) -- Taideteollinen korkeakoulu (Helsinki, Finlandia), 2004.
650 #4 - PUNTO DE ACCESO ADICIONAL DE MATERIA--TÉRMINO DE MATERIA
Término de materia o nombre geográfico como elemento de entrada Muebles modernos
Subdivisión general Diseño
-- Influencia china.
9 (RLIN) 34020
650 #4 - PUNTO DE ACCESO ADICIONAL DE MATERIA--TÉRMINO DE MATERIA
Término de materia o nombre geográfico como elemento de entrada Sillas
Subdivisión general Diseño
-- Historia
Subdivisión cronológica Siglo XX.
9 (RLIN) 34021
830 #0 - PUNTO DE ACCESO ADICIONAL DE SERIE-TÍTULO UNIFORME
Título uniforme Julkaisusarja (Taideteollinen korkeakoulu (Helsinki, Finland)).
Nombre de parte o sección de la obra Sarja A,
Designación de volumen o secuencia 49.
9 (RLIN) 34022
942 ## - ELEMENTOS DE PUNTO DE ACCESO ADICIONAL (KOHA)
Fuente del sistema de clasificación o colocación Library of Congress Classification
Suprimir en OPAC 1
Tipo de ítem Koha

No items available.